Normal view
MARC view
- Oliphant, Malcolm.W Redl, Siegmund.M Weber, Matthias.K
Entry Personal Name
001 - CONTROL NUMBER
- control field: 78390
003 - CONTROL NUMBER IDENTIFIER
- control field: NUST
005 - DATE AND TIME OF LATEST TRANSACTION
- control field: 20210628210157.0
008 - FIXED-LENGTH DATA ELEMENTS
- fixed length control field: 210628|| aca||aabn | a|a d
040 ## - CATALOGING SOURCE
- Original cataloging agency: NUST
- Transcribing agency: NUST
100 ## - HEADING--PERSONAL NAME
- Personal name: Oliphant, Malcolm.W Redl, Siegmund.M Weber, Matthias.K
670 ## - SOURCE DATA FOUND
- Source citation: Work cat.: (NUST): Oliphant, Malcolm.W Redl, Siegmund.M Weber, Matthias.K, Gsm and personal communication handbook, 1998
